Score 0/6 Timer 15:00
0 Plays Today
questions answers % Correct
who threw hephaestus from mt olympus according to percy jacksonHera
75%
what is the roman name for kronosSaturn
50%
roman name for satyr
25%
25%
when is percy's birthdayAugust 18th
0%
who are the seven demigods for the second great prophecyPercy,Annabeth,Leo,Piper,Jason,Hazel,Frank
0%

You're not logged in!

Compare scores with friends on all Sporcle quizzes.
OR
Log In

Sporcle TV

Today on Sporcle TV


Watch our educational content, quiz creation guides, and fun videos on Sporcle TV.

Show Comments

Extras

Created Dec 11, 2012ReportNominate
Tags:dad, leo

Top Quizzes Today


Score Distribution

Paid Content

Your Account Isn't Verified!

In order to create a playlist on Sporcle, you need to verify the email address you used during registration. Go to your Sporcle Settings to finish the process.

Report this User

Report this user for behavior that violates our Community Guidelines.

Details: